000 00339nam a22001337a 4500
008 181018b xxu||||| |||| 00| 0 eng d
020 _a9781118138915
041 _aeng
080 _26 ED
_a721
100 _a41
101 _aNDE
245 _aFundamentals of building Construction Materials And Methods
_cAllen.e
942 _2udc
_cBK
999 _c50089
_d50089